[Event "Civil Service Ch 21st"]
[Site "Leeds"]
[Date "2011.07.20"]
[Round "1.1"]
[White "Thurlow, Kevin J"]
[Black "Brusey, Alan W"]
[Result "1/2-1/2"]
[WhiteElo "2042"]
[BlackElo "2042"]
[PlyCount "92"]
[EventDate "2011.07.20"]
[EventType "swiss"]
[EventRounds "5"]
[EventCountry "ENG"]
[SourceTitle "BritBase"]
[Source "John Saunders"]
[SourceDate "2024.12.03"]
[SourceVersion "1"]
[SourceVersionDate "2024.12.03"]
[SourceQuality "1"]

1. e4 e6 2. d4 d5 3. Nd2 c5 4. exd5 Qxd5 5. Ngf3 cxd4 6. Bc4 Qd6 7. O-O Nc6 8. Nb3 a6 9. Nbxd4 Nxd4 10. Nxd4 Qc7 11. Qe2 Bd6 12. h3 Nf6 13. Nf5 Bh2+ 14. Kh1 O-O 15. Nxg7 Kxg7 16. g3 Bxg3 17. fxg3 b5 18. Qe3 Ne4 19. Bd3 Nxg3+ 20. Kg1 f5 21. Rf3 f4 22. Rxg3+ fxg3 23. Qe4 Kg8 24. Be3 Rb8 25. Bd4 Rf4 26. Qe5 Rb7 27. Qh8+ Kf7 28. Qxh7+ Ke8 29. Bg6+ Kf8 30. Qh8+ Ke7 31. Qg7+ Kd8 32. Bf6+ Rxf6 33. Qxf6+ Qe7 34. Rd1+ Rd7 35. Qh8+ Kc7 36. Qe5+ Kb6 37. Qe3+ Qc5 38. Qxc5+ Kxc5 39. Re1 Rd2 40. Bd3 Rh2 41. Re5+ Kd6 42. Rg5 Rxh3 43. Kg2 Rh6 44. Kxg3 Rf6 45. Be4 e5 46. Rg8 Kc7 1/2-1/2

[Event "Civil Service Ch 21st"]
[Site "Leeds"]
[Date "2011.07.20"]
[Round "1.2"]
[White "Bowers, Francis J"]
[Black "Maxwell, Alistair"]
[Result "1-0"]
[WhiteElo "2066"]
[BlackElo "2074"]
[PlyCount "65"]
[EventDate "2011.07.20"]
[EventType "swiss"]
[EventRounds "5"]
[EventCountry "ENG"]
[SourceTitle "BritBase"]
[Source "John Saunders"]
[SourceDate "2024.12.03"]
[SourceVersion "1"]
[SourceVersionDate "2024.12.03"]
[SourceQuality "1"]

1. e4 e5 2. Nf3 Nc6 3. Bb5 a6 4. Ba4 Nf6 5. O-O Nxe4 6. Re1 Nc5 7. Bxc6 dxc6 8. d4 Ne6 9. Nxe5 Be7 10. c3 O-O 11. Be3 f6 12. Nd3 f5 13. Qb3 Kh8 14. f4 Qd6 15. Nd2 Nd8 16. c4 Be6 17. d5 cxd5 18. Bc5 Qd7 19. cxd5 Bxc5+ 20. Nxc5 Qd6 21. Nxe6 Nxe6 22. Rxe6 Qxf4 23. Nf3 b5 24. Rae1 Rad8 25. Rxa6 b4 26. Ra4 Rfe8 27. Rxb4 Rxe1+ 28. Nxe1 Qc1 29. Qc3 Qd1 30. Rd4 Qb1 31. Kf2 Re8 32. Nd3 Qd1 33. Nf4 1-0

[Event "Civil Service Ch 21st"]
[Site "Leeds"]
[Date "2011.07.20"]
[Round "1.3"]
[White "Ashby, Anthony C"]
[Black "Greenacre, Kevin"]
[Result "1-0"]
[WhiteElo "2122"]
[BlackElo "1986"]
[PlyCount "67"]
[EventDate "2011.07.20"]
[EventType "swiss"]
[EventRounds "5"]
[EventCountry "ENG"]
[SourceTitle "BritBase"]
[Source "John Saunders"]
[SourceDate "2024.12.03"]
[SourceVersion "1"]
[SourceVersionDate "2024.12.03"]
[SourceQuality "1"]

1. e4 e6 2. d4 d5 3. Nc3 Nf6 4. Bg5 Bb4 5. e5 h6 6. Be3 Ne4 7. Qg4 Kf8 8. Bd3 f5 9. exf6 Nxf6 10. Qe2 c5 11. Nf3 Nc6 12. a3 Ba5 13. O-O cxd4 14. Nxd4 Bb6 15. Nxc6 bxc6 16. Na4 Bxe3 17. fxe3 e5 18. e4 d4 19. Nc5 Qd6 20. b4 Ke7 21. Bc4 Rf8 22. h3 g5 23. Rad1 g4 24. Rd3 Nh5 25. Rxf8 Kxf8 26. hxg4 Nf4 27. Rf3 Kg7 28. Rxf4 exf4 29. e5 Qg6 30. e6 a5 31. Qe5+ Qf6 32. Qc7+ Kg6 33. Bd3+ Kg5 34. Ne4+ {This game was awarded the Best Game Prize.} 1-0

[Event "Civil Service Ch 21st"]
[Site "Leeds"]
[Date "2011.07.20"]
[Round "1.4"]
[White "Pickersgill, Adrian O"]
[Black "Lewyk, Ihor"]
[Result "0-1"]
[WhiteElo "1994"]
[BlackElo "2098"]
[PlyCount "80"]
[EventDate "2011.07.20"]
[EventType "swiss"]
[EventRounds "5"]
[EventCountry "ENG"]
[SourceTitle "BritBase"]
[Source "John Saunders"]
[SourceDate "2024.12.03"]
[SourceVersion "1"]
[SourceVersionDate "2024.12.03"]
[SourceQuality "1"]

1. e4 d5 2. exd5 Nf6 3. d4 Nxd5 4. c4 Nb6 5. Nc3 e5 6. Be3 exd4 7. Qxd4 Qxd4 8. Bxd4 Nc6 9. O-O-O Nxd4 10. Rxd4 Bc5 11. Rd2 c6 12. Ne4 Bb4 13. Rd1 O-O 14. Bd3 Be6 15. b3 h6 16. Ne2 Rad8 17. Nf4 Bc8 18. Kb2 Rfe8 19. a3 Bf8 20. Bb1 f5 21. Ng3 Bd6 22. Rxd6 Rxd6 23. c5 Rd2+ 24. Kc1 Rxf2 25. Nh3 Rxg2 26. cxb6 axb6 27. Nxf5 Bxf5 28. Bxf5 Re3 29. Rd1 Rc3+ 30. Kb1 Rxb3+ 31. Kc1 Rxa3 32. Nf4 Ra1+ 33. Bb1 Rxh2 34. Ng6 Kf7 35. Rf1+ Ke6 36. Re1+ Kd6 37. Rd1+ Kc5 38. Nf4 b5 39. Ne6+ Kb6 40. Nxg7 b4 0-1

[Event "Civil Service Ch 21st"]
[Site "Leeds"]
[Date "2011.07.20"]
[Round "1.5"]
[White "Archer, Richard P"]
[Black "McGranaghan, James"]
[Result "1-0"]
[WhiteElo "2090"]
[BlackElo "1706"]
[PlyCount "121"]
[EventDate "2011.07.20"]
[EventType "swiss"]
[EventRounds "5"]
[EventCountry "ENG"]
[SourceTitle "BritBase"]
[Source "John Saunders"]
[SourceDate "2024.12.03"]
[SourceVersion "1"]
[SourceVersionDate "2024.12.03"]
[SourceQuality "1"]

1. d4 d5 2. Nf3 e6 3. Bf4 f5 4. e3 Nf6 5. h3 c6 6. Nbd2 Be7 7. Be2 Nbd7 8. c4 Ne4 9. Ne5 Nxe5 10. Nxe4 fxe4 11. Bxe5 Bb4+ 12. Kf1 O-O 13. g3 Bd6 14. Bxd6 Qxd6 15. Kg2 Bd7 16. Qb3 Rab8 17. Qa3 Qxa3 18. bxa3 Rf6 19. Rhf1 Rbf8 20. c5 Rh6 21. Bg4 Rhf6 22. Rab1 Bc8 23. Rb2 g6 24. a4 a5 25. h4 Kf7 26. f4 exf3+ 27. Rxf3 Rxf3 28. Kxf3 Ke7+ 29. Kg2 Rf6 30. Re2 Bd7 31. Rb2 Bc8 32. Rb3 Kd8 33. e4 Kc7 34. Re3 Bd7 35. Bd1 Rf8 36. g4 Rf4 37. Be2 Rf7 38. Kg3 Bc8 39. g5 Bd7 40. Bg4 Kd8 41. Bh3 Kc7 42. h5 b6 43. cxb6+ Kxb6 44. exd5 exd5 45. Bxd7 Rxd7 46. hxg6 hxg6 47. Re6 Rg7 48. Rf6 Kc7 49. Kf3 Kd7 50. Kf4 Kc7 51. Ke5 Kd7 52. Rd6+ Kc7 53. Re6 Kd7 54. Kf6 Rh7 55. Re2 Rh4 56. Rd2 Rh8 57. Kxg6 Rg8+ 58. Kh6 Ke6 59. g6 Kf6 60. Rf2+ Ke7 61. Kh7 1-0

[Event "Civil Service Ch 21st"]
[Site "Leeds"]
[Date "2011.07.20"]
[Round "2.1"]
[White "Archer, Richard P"]
[Black "Ashby, Anthony C"]
[Result "1/2-1/2"]
[WhiteElo "2090"]
[BlackElo "2122"]
[PlyCount "40"]
[EventDate "2011.07.20"]
[EventType "swiss"]
[EventRounds "5"]
[EventCountry "ENG"]
[SourceTitle "BritBase"]
[Source "John Saunders"]
[SourceDate "2024.12.03"]
[SourceVersion "1"]
[SourceVersionDate "2024.12.03"]
[SourceQuality "1"]

1. d4 e6 2. Nf3 b6 3. e4 Bb7 4. Bd3 Nf6 5. Qe2 Be7 6. O-O d5 7. e5 Nfd7 8. c3 c5 9. Nbd2 Nc6 10. Re1 g5 11. g4 h6 12. Nf1 Qc7 13. Ng3 O-O-O 14. a3 Kb8 15. b4 c4 16. Bc2 Bc8 17. b5 Na5 18. a4 Nf8 19. Ba3 Bxa3 20. Rxa3 Ng6 1/2-1/2

[Event "Civil Service Ch 21st"]
[Site "Leeds"]
[Date "2011.07.20"]
[Round "2.2"]
[White "Lewyk, Ihor"]
[Black "Bowers, Francis J"]
[Result "0-1"]
[WhiteElo "2098"]
[BlackElo "2066"]
[PlyCount "66"]
[EventDate "2011.07.20"]
[EventType "swiss"]
[EventRounds "5"]
[EventCountry "ENG"]
[SourceTitle "BritBase"]
[Source "John Saunders"]
[SourceDate "2024.12.03"]
[SourceVersion "1"]
[SourceVersionDate "2024.12.03"]
[SourceQuality "1"]

1. Nf3 Nf6 2. d4 c5 3. e3 d5 4. c3 Nc6 5. Bd3 Bg4 6. Nbd2 e5 7. dxe5 Nxe5 8. Bb5+ Ned7 9. h3 a6 10. Be2 Bh5 11. O-O Bd6 12. c4 O-O 13. cxd5 Nxd5 14. Nc4 N7f6 15. Nxd6 Qxd6 16. Qb3 b5 17. a4 c4 18. Qd1 Qc5 19. Qd4 Qxd4 20. Nxd4 Bxe2 21. Nxe2 Ne4 22. Rd1 Nb4 23. axb5 axb5 24. Rxa8 Rxa8 25. Nd4 Nd3 26. f3 Nec5 27. b3 Ra1 28. Nxb5 Nxb3 29. Nd6 Nbxc1 30. Kh2 c3 31. Ne4 c2 32. Rd2 Ra2 33. Nc5 Kf8 0-1

[Event "Civil Service Ch 21st"]
[Site "Leeds"]
[Date "2011.07.20"]
[Round "2.3"]
[White "Maxwell, Alistair"]
[Black "Thurlow, Kevin J"]
[Result "1/2-1/2"]
[WhiteElo "2074"]
[BlackElo "2042"]
[PlyCount "28"]
[EventDate "2011.07.20"]
[EventType "swiss"]
[EventRounds "5"]
[EventCountry "ENG"]
[SourceTitle "BritBase"]
[Source "John Saunders"]
[SourceDate "2024.12.03"]
[SourceVersion "1"]
[SourceVersionDate "2024.12.03"]
[SourceQuality "1"]

1. e4 c5 2. Nf3 e6 3. Nc3 Nc6 4. Bb5 Nge7 5. O-O Nd4 6. Nxd4 cxd4 7. Ne2 Nc6 8. c3 dxc3 9. dxc3 Be7 10. Bf4 O-O 11. Bd6 Qb6 12. Bxc6 Bxd6 13. Qxd6 bxc6 14. b3 Qb8 1/2-1/2

[Event "Civil Service Ch 21st"]
[Site "Leeds"]
[Date "2011.07.20"]
[Round "2.4"]
[White "Brusey, Alan W"]
[Black "Pickersgill, Adrian O"]
[Result "1/2-1/2"]
[WhiteElo "2042"]
[BlackElo "1994"]
[PlyCount "75"]
[EventDate "2011.07.20"]
[EventType "swiss"]
[EventRounds "5"]
[EventCountry "ENG"]
[SourceTitle "BritBase"]
[Source "John Saunders"]
[SourceDate "2024.12.03"]
[SourceVersion "1"]
[SourceVersionDate "2024.12.03"]
[SourceQuality "1"]

1. e4 d6 2. d4 Nf6 3. Nc3 c6 4. f4 Qa5 5. Bd3 Na6 6. e5 Nd5 7. Bd2 Nab4 8. Be4 Qb6 9. Nf3 Bg4 10. a3 Nxc3 11. bxc3 d5 12. Bxh7 Rxh7 13. axb4 e6 14. O-O Be7 15. h3 Bf5 16. Ng5 Bxg5 17. fxg5 Kd7 18. Rf3 Rah8 $11 19. Rg3 a6 20. Ra2 Qb5 21. Ra5 Qc4 22. Kf2 b6 23. Ra1 Kc7 24. Qc1 Kb7 25. Qa3 Ra8 26. b5 cxb5 27. Ra2 Be4 28. Re3 Rh4 29. Re1 Qc7 30. Kg3 Rh7 31. Rb1 Rhh8 32. Rf1 Rhe8 33. Rf2 f5 34. Kh2 g6 35. Rf4 Rh8 36. Rf2 Rh7 $11 37. Rf1 Qe7 38. Qb2 1/2-1/2

[Event "Civil Service Ch 21st"]
[Site "Leeds"]
[Date "2011.07.20"]
[Round "2.5"]
[White "Greenacre, Kevin"]
[Black "McGranaghan, James"]
[Result "1-0"]
[WhiteElo "1986"]
[BlackElo "1706"]
[PlyCount "83"]
[EventDate "2011.07.20"]
[EventType "swiss"]
[EventRounds "5"]
[EventCountry "ENG"]
[SourceTitle "BritBase"]
[Source "John Saunders"]
[SourceDate "2024.12.03"]
[SourceVersion "1"]
[SourceVersionDate "2024.12.03"]
[SourceQuality "1"]

1. e4 e6 2. d4 d5 3. e5 c5 4. c3 Nc6 5. Nf3 Bd7 6. Be2 Nh6 7. a3 Nf5 8. b4 cxd4 9. cxd4 a6 10. O-O Rc8 11. Bb2 Be7 12. Nc3 O-O 13. Rc1 f6 14. Re1 fxe5 15. dxe5 Nh4 16. Nxh4 Bxh4 17. g3 Qb6 18. Rf1 Bg5 19. Na4 Qa7 20. Rb1 Rf7 21. Nc5 Rcf8 22. Kg2 Bc8 23. Bg4 Nd8 24. Bd4 Qa8 25. Nd3 Be7 26. Rc1 Nc6 27. Bb6 Bd7 28. Qd2 Qb8 29. Rce1 Bd8 30. Bc5 Be7 31. f4 Bxc5 32. Nxc5 Qc8 33. Qe3 g6 34. Rc1 Re7 35. Rfe1 Rfe8 36. Bf3 Qa8 37. Nd3 Qa7 38. Nc5 Nd8 39. Nxd7 Qxe3 40. Nf6+ Kf7 41. Rxe3 Nc6 42. Nxe8 1-0

[Event "Civil Service Ch 21st"]
[Site "Leeds"]
[Date "2011.07.21"]
[Round "3.1"]
[White "Bowers, Francis J"]
[Black "Ashby, Anthony C"]
[Result "1/2-1/2"]
[WhiteElo "2066"]
[BlackElo "2122"]
[PlyCount "62"]
[EventDate "2011.07.20"]
[EventType "swiss"]
[EventRounds "5"]
[EventCountry "ENG"]
[SourceTitle "BritBase"]
[Source "John Saunders"]
[SourceDate "2024.12.03"]
[SourceVersion "1"]
[SourceVersionDate "2024.12.03"]
[SourceQuality "1"]

1. e4 e6 2. d4 d5 3. Nc3 Bb4 4. Qg4 Nf6 5. Qxg7 Rg8 6. Qh6 Rg6 7. Qe3 c5 8. e5 Ne4 9. Nf3 Qb6 10. Bd2 Nxd2 11. Qxd2 Nc6 12. dxc5 Qxc5 13. a3 Ba5 14. O-O-O Bd7 15. Nd4 Bxc3 16. Qxc3 Qxc3 17. bxc3 Nxe5 18. f4 Ng4 19. Rd2 $11 Rc8 20. Kb2 Ne3 21. g3 Ke7 22. Bd3 Nc4+ 23. Bxc4 Rxc4 24. Re1 Kd6 25. Nf3 f6 26. Rde2 Rg8 27. Nd4 Re8 28. Nf5+ Kc7 29. Ng7 Rc8 30. Nxe6+ Kb8 31. Nd4 Rxc3 1/2-1/2

[Event "Civil Service Ch 21st"]
[Site "Leeds"]
[Date "2011.07.21"]
[Round "3.2"]
[White "Thurlow, Kevin J"]
[Black "Greenacre, Kevin"]
[Result "1-0"]
[WhiteElo "2042"]
[BlackElo "1986"]
[PlyCount "59"]
[EventDate "2011.07.20"]
[EventType "swiss"]
[EventRounds "5"]
[EventCountry "ENG"]
[SourceTitle "BritBase"]
[Source "John Saunders"]
[SourceDate "2024.12.03"]
[SourceVersion "1"]
[SourceVersionDate "2024.12.03"]
[SourceQuality "1"]

1. c4 Nf6 2. Nc3 e5 3. Nf3 Nc6 4. e3 d5 5. cxd5 Nxd5 6. Bb5 Nxc3 7. bxc3 Qd5 8. c4 Qe6 9. Bb2 Bd7 10. O-O e4 11. Nd4 Nxd4 12. Bxd7+ Qxd7 13. Bxd4 O-O-O 14. c5 Qc6 15. Qb3 f5 16. f3 Be7 17. fxe4 fxe4 18. Qc3 Rhg8 19. Rf7 Qe6 20. Raf1 Rdf8 21. Rxf8+ Rxf8 22. Rxf8+ Bxf8 23. Bxg7 Bxg7 24. Qxg7 Qxa2 25. Qh8+ Kd7 26. Qxh7+ Kc6 27. Qxe4+ Kxc5 28. Qxb7 Qxd2 29. Qxa7+ Kd5 30. Qd4+ 1-0

[Event "Civil Service Ch 21st"]
[Site "Leeds"]
[Date "2011.07.21"]
[Round "3.3"]
[White "Brusey, Alan W"]
[Black "Lewyk, Ihor"]
[Result "1/2-1/2"]
[WhiteElo "2042"]
[BlackElo "2098"]
[PlyCount "116"]
[EventDate "2011.07.20"]
[EventType "swiss"]
[EventRounds "5"]
[EventCountry "ENG"]
[SourceTitle "BritBase"]
[Source "John Saunders"]
[SourceDate "2024.12.03"]
[SourceVersion "1"]
[SourceVersionDate "2024.12.03"]
[SourceQuality "1"]

1. e4 d5 2. exd5 Nf6 3. d4 Nxd5 4. c4 Nb6 5. Nf3 Bg4 6. Be2 Nc6 7. d5 Bxf3 8. Bxf3 Ne5 9. Be2 c6 10. dxc6 Qxd1+ 11. Bxd1 Nd3+ 12. Kd2 O-O-O 13. cxb7+ Kb8 14. Kc2 e5 15. Be2 Nxf2 16. Rf1 Bc5 17. Nc3 f6 18. Bd2 Bd4 19. a4 a5 20. Be1 Bxc3 21. Bxc3 Ne4 22. Bxa5 Ka7 23. b3 Rd4 24. Rad1 Nc5 25. Rxd4 exd4 26. Rd1 Re8 27. Bf3 d3+ 28. Kc3 Nbd7 29. Bc7 Nxb7 30. b4 Rc8 31. Bg3 Nb6 32. c5 Nxa4+ 33. Kb3 Nbxc5+ 34. bxc5 Nxc5+ 35. Kc4 Na4+ 36. Kb3 Nc5+ 37. Ka3 Ka6 38. Bf2 Kb5 39. Bxc5 Rxc5 40. Rxd3 Kc4 41. Be2 Re5 42. Bf1 Kc5 43. Kb3 Re1 44. Rf3 Kd4 45. Bd3 h6 46. Bg6 Ke5 47. Kc3 Re2 48. Rg3 Rf2 49. Kd3 f5 50. Re3+ Kf6 51. Rg3 Ra2 52. Be8 g5 53. Kd4 f4 54. Rh3 Rxg2 55. Rxh6+ Ke7 56. Bc6 Re2 57. Rh3 Re1 58. Ba4 Kf7 1/2-1/2

[Event "Civil Service Ch 21st"]
[Site "Leeds"]
[Date "2011.07.21"]
[Round "3.4"]
[White "Pickersgill, Adrian O"]
[Black "Maxwell, Alistair"]
[Result "1-0"]
[WhiteElo "1994"]
[BlackElo "2074"]
[PlyCount "63"]
[EventDate "2011.07.20"]
[EventType "swiss"]
[EventRounds "5"]
[EventCountry "ENG"]
[SourceTitle "BritBase"]
[Source "John Saunders"]
[SourceDate "2024.12.03"]
[SourceVersion "1"]
[SourceVersionDate "2024.12.03"]
[SourceQuality "1"]

1. e4 d6 2. d4 Nf6 3. Nc3 g6 4. Nf3 Bg7 5. h3 O-O 6. Be3 c6 7. a4 a5 8. Bd3 Na6 9. Qd2 Nb4 10. O-O Nxd3 11. cxd3 d5 12. Bh6 Ne8 13. Rfe1 Nc7 14. Bxg7 Kxg7 15. Ne2 Ne6 16. Ng3 Kg8 17. Rac1 Qb6 18. Ne2 Rd8 19. e5 c5 20. dxc5 Nxc5 21. Qh6 Ne6 22. Ned4 f6 23. exf6 exf6 24. Rxc8 Raxc8 25. Rxe6 Qxb2 26. Rxf6 Qc1+ 27. Qxc1 Rxc1+ 28. Kh2 Rd1 29. Ne6 Rc8 30. Nfg5 Rxd3 31. Rf7 h6 32. Rg7+ 1-0

[Event "Civil Service Ch 21st"]
[Site "Leeds"]
[Date "2011.07.21"]
[Round "3.5"]
[White "McGranaghan, James"]
[Black "Sedgwick, David R"]
[Result "1/2-1/2"]
[WhiteElo "1706"]
[BlackElo "2002"]
[PlyCount "102"]
[EventDate "2011.07.20"]
[EventType "swiss"]
[EventRounds "5"]
[EventCountry "ENG"]
[SourceTitle "BritBase"]
[Source "John Saunders"]
[SourceDate "2024.12.03"]
[SourceVersion "1"]
[SourceVersionDate "2024.12.03"]
[SourceQuality "1"]

1. d4 d5 2. e3 c5 3. f4 Nc6 4. Nf3 Nf6 5. c3 cxd4 6. exd4 Bf5 7. Bd3 Bxd3 8. Qxd3 e6 9. Nbd2 Bd6 10. Ne5 O-O 11. O-O Nd7 12. Qh3 Qe7 13. Ndf3 f6 14. Nxd7 Qxd7 15. Bd2 Rae8 16. Rae1 Rf7 17. Rf2 e5 18. Qxd7 Rxd7 19. fxe5 fxe5 20. Rfe2 e4 21. c4 dxc4 22. Rxe4 Rde7 23. Rxe7 Rxe7 24. Rxe7 Nxe7 25. Kf2 h6 26. h4 Kf7 27. g4 Ke6 28. Ke3 Nd5+ 29. Ke2 b5 30. g5 hxg5 31. Nxg5+ Kf5 32. a3 Bc7 33. Nf3 a5 34. Be1 b4 35. axb4 axb4 36. Nd2 Nf4+ 37. Kd1 Nd3 38. Nxc4 Nxe1 39. Kxe1 Bg3+ 40. Ke2 Bxh4 41. Kf3 Bf6 42. d5 g5 43. Ne3+ Kg6 44. b3 Bd4 45. Nc2 Bc5 46. Kg4 Kf6 47. Ne1 Be7 48. Nd3 Bd6 49. Nf2 Ke5 50. Nd3+ Kd4 51. Nxb4 Bxb4 1/2-1/2

[Event "Civil Service Ch 21st"]
[Site "Leeds"]
[Date "2011.07.21"]
[Round "4.1"]
[White "Bowers, Francis J"]
[Black "Archer, Richard P"]
[Result "1/2-1/2"]
[WhiteElo "2066"]
[BlackElo "2090"]
[PlyCount "35"]
[EventDate "2011.07.20"]
[EventType "swiss"]
[EventRounds "5"]
[EventCountry "ENG"]
[SourceTitle "BritBase"]
[Source "John Saunders"]
[SourceDate "2024.12.03"]
[SourceVersion "1"]
[SourceVersionDate "2024.12.03"]
[SourceQuality "1"]

1. e4 c5 2. Nf3 e6 3. d4 cxd4 4. Nxd4 Nf6 5. Nc3 d6 6. Be2 Be7 7. Be3 Nc6 8. Qd2 a6 9. f3 Qc7 10. O-O-O b5 11. g4 Bb7 12. h4 Na5 13. h5 h6 14. Rdg1 Nc4 15. Bxc4 Qxc4 16. Kb1 Rc8 17. Nb3 Qc7 18. Rh2 1/2-1/2

[Event "Civil Service Ch 21st"]
[Site "Leeds"]
[Date "2011.07.21"]
[Round "4.2"]
[White "Ashby, Anthony C"]
[Black "Thurlow, Kevin J"]
[Result "1-0"]
[WhiteElo "2122"]
[BlackElo "2042"]
[PlyCount "75"]
[EventDate "2011.07.20"]
[EventType "swiss"]
[EventRounds "5"]
[EventCountry "ENG"]
[SourceTitle "BritBase"]
[Source "John Saunders"]
[SourceDate "2024.12.03"]
[SourceVersion "1"]
[SourceVersionDate "2024.12.03"]
[SourceQuality "1"]

1. d4 Nf6 2. c4 e6 3. Nc3 d5 4. g3 c6 5. Nf3 Bd6 6. Bg2 O-O 7. O-O Nbd7 8. Bf4 Bxf4 9. gxf4 dxc4 10. e3 Nd5 11. Rc1 b5 12. Ne4 Qa5 13. a3 Qb6 14. Qc2 f5 15. Neg5 Rf6 16. Ne5 h6 17. Ngf3 a5 18. h4 Ra7 19. Qe2 c5 20. Nxd7 Bxd7 21. dxc5 Qxc5 22. Ne5 Be8 23. Rfd1 Ne7 24. Rd8 Rf8 25. Qd2 g5 26. hxg5 hxg5 27. a4 gxf4 28. exf4 Qc7 29. axb5 Bxb5 30. Rxf8+ Kxf8 31. Qd4 Nd5 32. Bxd5 exd5 33. Rc3 Qh7 34. Qc5+ Re7 35. Qxb5 Qh5 36. Rg3 Qd1+ 37. Kg2 Rh7 38. Qb8+ 1-0

[Event "Civil Service Ch 21st"]
[Site "Leeds"]
[Date "2011.07.21"]
[Round "4.3"]
[White "Greenacre, Kevin"]
[Black "Pickersgill, Adrian O"]
[Result "1/2-1/2"]
[WhiteElo "1986"]
[BlackElo "1994"]
[PlyCount "47"]
[EventDate "2011.07.20"]
[EventType "swiss"]
[EventRounds "5"]
[EventCountry "ENG"]
[SourceTitle "BritBase"]
[Source "John Saunders"]
[SourceDate "2024.12.03"]
[SourceVersion "1"]
[SourceVersionDate "2024.12.03"]
[SourceQuality "1"]

1. e4 d6 2. d4 Nf6 3. Nc3 c6 4. f4 Qa5 5. Bd3 e5 6. Nf3 exd4 7. Nxd4 Qb6 8. Be2 Be7 9. a4 a5 10. Rb1 Na6 11. Be3 Qc7 12. O-O Nc5 13. Bf3 h5 14. Kh1 g6 15. Nde2 Bg4 16. Bd4 Bxf3 17. Rxf3 Ne6 18. Bg1 Ng4 19. Nd4 Bf6 20. Rf1 O-O-O 21. Nce2 Nc5 22. Nc3 Rde8 23. Qf3 Na6 24. Na2 1/2-1/2

[Event "Civil Service Ch 21st"]
[Site "Leeds"]
[Date "2011.07.21"]
[Round "4.4"]
[White "Lewyk, Ihor"]
[Black "McGranaghan, James"]
[Result "1-0"]
[WhiteElo "2098"]
[BlackElo "1706"]
[PlyCount "53"]
[EventDate "2011.07.20"]
[EventType "swiss"]
[EventRounds "5"]
[EventCountry "ENG"]
[SourceTitle "BritBase"]
[Source "John Saunders"]
[SourceDate "2024.12.03"]
[SourceVersion "1"]
[SourceVersionDate "2024.12.03"]
[SourceQuality "1"]

1. c4 e6 2. Nc3 d5 3. cxd5 exd5 4. d4 f5 5. Nf3 Nf6 6. Bg5 c6 7. e3 Bd6 8. Bd3 Qc7 9. Bxf6 gxf6 10. g3 h5 11. Nh4 Qh7 12. Qf3 Be7 13. Rc1 Na6 14. Nxf5 Bxf5 15. Bxf5 Qh6 16. O-O Nc7 17. h4 Rd8 18. Rfe1 Kf7 19. e4 Ne6 20. Bxe6+ Kxe6 21. exd5+ Kf7 22. dxc6 bxc6 23. Qxc6 Rhe8 24. Nd5 Kf8 25. Nc7 Rc8 26. Qd7 Rxc7 27. Rxc7 1-0

[Event "Civil Service Ch 21st"]
[Site "Leeds"]
[Date "2011.07.21"]
[Round "4.5"]
[White "Maxwell, Alistair"]
[Black "Brusey, Alan W"]
[Result "1-0"]
[WhiteElo "2074"]
[BlackElo "2042"]
[PlyCount "127"]
[EventDate "2011.07.20"]
[EventType "swiss"]
[EventRounds "5"]
[EventCountry "ENG"]
[SourceTitle "BritBase"]
[Source "John Saunders"]
[SourceDate "2024.12.03"]
[SourceVersion "1"]
[SourceVersionDate "2024.12.03"]
[SourceQuality "1"]

1. e4 e6 2. d4 d5 3. Nc3 Bb4 4. e5 c5 5. a3 Bxc3+ 6. bxc3 Ne7 7. a4 Nbc6 8. Nf3 Qa5 9. Bd2 Bd7 10. Be2 O-O-O 11. O-O f6 12. c4 Qc7 13. cxd5 Nxd5 14. c4 Nde7 15. exf6 gxf6 16. dxc5 e5 17. a5 a6 18. Qc1 Nf5 19. Bd3 Nfd4 20. Nxd4 Nxd4 21. Qa3 Bc6 22. f3 Rhg8 23. Kh1 Nc2 24. Bxc2 Rxd2 25. Bf5+ Kb8 26. g3 e4 27. fxe4 Qe5 28. Qe3 Rd4 29. Qf4 h6 30. Qxe5+ fxe5 31. Kg1 Rgd8 32. Be6 Rxe4 33. Rae1 Rxe1 34. Rxe1 e4 35. Kf2 Rd2+ 36. Ke3 Rxh2 37. Bd5 Rg2 38. Kf4 Bxd5 39. cxd5 Rc2 40. Kxe4 Rxc5 41. Rh1 Rxa5 42. Rxh6 b5 43. Ke5 b4 44. Rb6+ Kc7 45. Rxb4 Ra1 46. g4 a5 47. d6+ Kd8 48. Rb8+ Kd7 49. Rb7+ Kd8 50. g5 Re1+ 51. Kf6 Rf1+ 52. Kg7 a4 53. Ra7 Ra1 54. g6 a3 55. Kf7 a2 56. g7 Rf1+ 57. Ke6 Re1+ 58. Kd5 Rg1 59. Rxa2 Rd1+ 60. Ke6 Re1+ 61. Kf7 Rf1+ 62. Kg8 Kd7 63. Rh2 Kxd6 64. Kh8 1-0

[Event "Civil Service Ch 21st"]
[Site "Leeds"]
[Date "2011.07.22"]
[Round "5.1"]
[White "Lewyk, Ihor"]
[Black "Ashby, Anthony C"]
[Result "1/2-1/2"]
[WhiteElo "2098"]
[BlackElo "2122"]
[PlyCount "77"]
[EventDate "2011.07.20"]
[EventType "swiss"]
[EventRounds "5"]
[EventCountry "ENG"]
[SourceTitle "BritBase"]
[Source "John Saunders"]
[SourceDate "2024.12.03"]
[SourceVersion "1"]
[SourceVersionDate "2024.12.03"]
[SourceQuality "1"]

1. Nf3 f5 2. e4 fxe4 3. Ng5 Nf6 4. d3 e3 5. Bxe3 d5 6. d4 Bf5 7. Bd3 Qd7 8. Nf3 Bg4 9. h3 Bxf3 10. Qxf3 e6 11. O-O Bd6 12. Bg5 O-O $11 13. Qe2 Nc6 14. c3 e5 15. Bxf6 Rxf6 16. Bb5 exd4 17. Bxc6 bxc6 18. cxd4 Re8 19. Qd3 Qf5 20. Qxf5 Rxf5 21. Nc3 Rb8 22. b3 c5 23. Rad1 c6 $11 24. dxc5 Bxc5 25. Na4 Bb6 26. Rc1 Rf6 27. Rc2 Rbf8 28. Nc5 R8f7 29. Nd3 Re7 30. Rfc1 Ree6 31. b4 Kf7 32. a4 a6 33. Nc5 Bxc5 34. Rxc5 Re2 35. f3 Rb2 36. Rxc6 Rxb4 37. Rxf6+ gxf6 38. Rc7+ Kg6 39. Rd7 1/2-1/2